<?xml version="1.0" encoding="UTF-8"?>
<collection xmlns="http://www.loc.gov/MARC21/slim">
 <record>
  <leader>02927nam a2200373 a 4500</leader>
  <controlfield tag="001">1/47426</controlfield>
  <controlfield tag="008">170929s2005    gr       b    00010 gre  </controlfield>
  <datafield tag="020" ind1=" " ind2=" ">
   <subfield code="a">9602184140</subfield>
  </datafield>
  <datafield tag="035" ind1=" " ind2=" ">
   <subfield code="l">50408</subfield>
  </datafield>
  <datafield tag="040" ind1=" " ind2=" ">
   <subfield code="a">GR-PeUP</subfield>
  </datafield>
  <datafield tag="082" ind1="0" ind2="0">
   <subfield code="a">370.949 5 LEG ΜΤΦ</subfield>
  </datafield>
  <datafield tag="100" ind1="1" ind2=" ">
   <subfield code="a">Legras, Bernard,</subfield>
   <subfield code="d">1956-</subfield>
  </datafield>
  <datafield tag="245" ind1="1" ind2="0">
   <subfield code="a">Πολιτισμός και εκπαίδευση στον αρχαίο Ελληνικό κόσμο :</subfield>
   <subfield code="b">8ος αιώνας π.Χ. - 4ος αιώνας μ.Χ. /</subfield>
   <subfield code="c">Bernard Legras ; μετάφραση Αναστασία Καραστάση ; πρόλογος Σπύρος Ράσης.</subfield>
  </datafield>
  <datafield tag="260" ind1="0" ind2=" ">
   <subfield code="a">Αθήνα :</subfield>
   <subfield code="b">Κριτική,</subfield>
   <subfield code="c">2005.</subfield>
  </datafield>
  <datafield tag="300" ind1=" " ind2=" ">
   <subfield code="a">253 σ. :</subfield>
   <subfield code="b">εικ. ;</subfield>
   <subfield code="c">22 εκ.</subfield>
  </datafield>
  <datafield tag="490" ind1="1" ind2=" ">
   <subfield code="a">Επιστημονική βιβλιοθήκη ;</subfield>
  </datafield>
  <datafield tag="500" ind1=" " ind2=" ">
   <subfield code="a">Μετάφραση του: Education et culture dans le monde grec.</subfield>
  </datafield>
  <datafield tag="500" ind1=" " ind2=" ">
   <subfield code="a">Περιεχόμενα: Ο πολιτισμός της παιδείας, 1. Ο κόσμος του Ομήρου, 2. Η εκπαίδευση των αρρένων στη Σπάρτη, 3. Η εκπαίδευση των θηλέων στη Μυτιλήνη και τη Σπάρτη, 4. Η αρχαία παιδεία των αρρένων στην Αθήνα, 5. Η νέα αθηναϊκή εκπαίδευση: απο τον Πρωταγόρα στον Αριστοτέλη, 6. Η εκπαίδευση των εφήβων στην κλασική Αθήνα, 7. Η εκπαίδευση των θηλέων στην κλασική Αθήνα, 8. Η εκπαίδευση των παιδιών στον ελληνικό κόσμο, 9. Εφηβεία και ανώτερη εκπαίδευση στον ελληνιστικό κόσμο, 10. Ο ελληνισμός στην Ανατολή των ρωμαϊκών χρόνων. Η μοίρα της ελληνικής παιδείας.</subfield>
  </datafield>
  <datafield tag="504" ind1=" " ind2=" ">
   <subfield code="a">Περιέχει βιβλιογραφία.</subfield>
  </datafield>
  <datafield tag="650" ind1=" " ind2="4">
   <subfield code="a">Εκπαίδευση, Ελληνική.</subfield>
  </datafield>
  <datafield tag="650" ind1=" " ind2="4">
   <subfield code="a">Παιδαγωγική ανθρωπολογία.</subfield>
  </datafield>
  <datafield tag="650" ind1=" " ind2="4">
   <subfield code="a">Πολιτισμός, Ελληνικός.</subfield>
  </datafield>
  <datafield tag="650" ind1=" " ind2="4">
   <subfield code="a">Εκπαίδευση</subfield>
   <subfield code="x">Ιστορία.</subfield>
  </datafield>
  <datafield tag="650" ind1=" " ind2="4">
   <subfield code="a">Education</subfield>
   <subfield code="z">Greece.</subfield>
  </datafield>
  <datafield tag="650" ind1=" " ind2="4">
   <subfield code="a">Education</subfield>
   <subfield code="z">Greece</subfield>
   <subfield code="x">History.</subfield>
  </datafield>
  <datafield tag="650" ind1=" " ind2="4">
   <subfield code="a">Civilization, Ancient.</subfield>
  </datafield>
  <datafield tag="650" ind1=" " ind2="4">
   <subfield code="a">Πολιτισμός, Αρχαίος.</subfield>
  </datafield>
  <datafield tag="651" ind1=" " ind2="0">
   <subfield code="a">Greece</subfield>
   <subfield code="x">Civilization</subfield>
   <subfield code="y">To 146 B.C.</subfield>
  </datafield>
  <datafield tag="651" ind1=" " ind2="4">
   <subfield code="a">Ελλάδα</subfield>
   <subfield code="x">Πολιτισμός</subfield>
   <subfield code="y">Μέχρι το 146 π.Χ.</subfield>
  </datafield>
  <datafield tag="700" ind1="1" ind2=" ">
   <subfield code="a">Καραστάθη, Αναστασία.</subfield>
  </datafield>
  <datafield tag="700" ind1="1" ind2=" ">
   <subfield code="a">Ράσης, Σπύρος Π.,</subfield>
   <subfield code="d">1945-2010.</subfield>
  </datafield>
  <datafield tag="830" ind1=" " ind2="2">
   <subfield code="a">Επιστημονική βιβλιοθήκη.</subfield>
  </datafield>
  <datafield tag="852" ind1=" " ind2=" ">
   <subfield code="a">INST</subfield>
   <subfield code="b">UNIPILB</subfield>
   <subfield code="c">MAIN</subfield>
   <subfield code="e">20170929</subfield>
   <subfield code="h">370.949 5 LEG ΜΤΦ</subfield>
   <subfield code="p">00178363</subfield>
   <subfield code="q">00178363</subfield>
   <subfield code="t">LOAN</subfield>
   <subfield code="y">0</subfield>
   <subfield code="4">2</subfield>
  </datafield>
  <datafield tag="852" ind1=" " ind2=" ">
   <subfield code="a">INST</subfield>
   <subfield code="b">UNIPILB</subfield>
   <subfield code="c">MAIN</subfield>
   <subfield code="e">20170929</subfield>
   <subfield code="h">370.949 5 LEG ΜΤΦ</subfield>
   <subfield code="p">00178364</subfield>
   <subfield code="q">00178364</subfield>
   <subfield code="t">LOAN</subfield>
   <subfield code="y">0</subfield>
   <subfield code="4">1</subfield>
  </datafield>
 </record>
</collection>
